| 000 | 00924nam a22001937a 4500 | ||
|---|---|---|---|
| 005 | 20250604154510.0 | ||
| 010 | _aHIN-129768 | ||
| 020 |
_a9789384741440 _c500.00 |
||
| 035 | _aHN-102114 | ||
| 037 | _bDBAD | ||
| 082 | _a821 | ||
| 100 |
_aभारद्वाज,कौशल्या _981689 |
||
| 245 |
_aसुनहरी छटा / _cकौशल्या भारद्वाज _b(काव्य संकलन ) |
||
| 250 | _aप्रथम | ||
| 260 |
_a नई दिल्ली _b भारद्वाज पब्लिशिंग हाउस _c20222 |
||
| 270 |
_aएल.45 ,गली नं 5 करतार नगर ,RZ 40 A बिन्दापुर मटियाला रोड़,उतम नगर _b नई दिल्ली _e110059 |
||
| 300 |
_a107 पृ. _c21 सेमी (सजिल्द ) |
||
| 942 |
_2ddc _cHN _h821 _k _mभारद्वा |
||
| 999 |
_c211600 _d211600 |
||